U.S. State Mammals - Statistics

General Stats
  • This quiz has been taken 510 times
  • The average score is 34 of 50
Answer Stats
Hint Answer % Correct
California Grizzly Bear
92%
Montana Grizzly Bear
92%
Alabama Black Bear
91%
Louisiana Black Bear
91%
New Mexico Black Bear
91%
West Virginia Black Bear
91%
Kansas Bison
83%
Oklahoma Bison
83%
Wyoming Bison
83%
California (marine) Gray Whale
80%
Alaska Moose
80%
Maine Moose
80%
Georgia (marine) Right Whale
80%
Massachusetts (marine) Right Whale
80%
Connecticut (marine) Sperm Whale
80%
Arkansas White-Tailed Deer
80%
Georgia White-Tailed Deer
80%
Illinois White-Tailed Deer
80%
Michigan White-Tailed Deer
80%
Mississippi White-Tailed Deer
80%
Nebraska White-Tailed Deer
80%
New Hampshire White-Tailed Deer
80%
Ohio White-Tailed Deer
80%
Pennsylvania White-Tailed Deer
80%
South Carolina White-Tailed Deer
80%
Alaska (marine) Bowhead Whale
79%
Mississippi (marine) Bottlenose Dolphin
78%
South Carolina (marine) Bottlenose Dolphin
78%
Utah Elk
64%
New York Beaver
63%
Oregon Beaver
63%
Rhode Island (marine) Harbor Seal
63%
Alabama (marine) Manatee
63%
Florida (marine) Manatee
63%
Hawaii (marine) Monk Seal
63%
South Dakota Coyote
59%
Delaware Gray Fox
56%
Wisconsin Badger
52%
Colorado Bighorn Sheep
52%
Nevada Bighorn Sheep
52%
Kentucky Gray Squirrel
51%
North Carolina Gray Squirrel
51%
Tennessee Raccoon
44%
Florida Panther
39%
Texas Longhorn
36%
Washington Orca
34%
District of Columbia Brown Bat
27%
Hawaii Hoary Bat
27%
Missouri Missouri Mule
17%
Arizona Ring-Tailed Cat
6%
No matching quizzes found
Score Distribution
Percent of People with Each Score
Percentile by Number Answered
Your Score History
You have not taken this quiz